[Event "Senta op-A 10th"]
[Site "Senta"]
[Date "2006.07.27"]
[Round "8"]
[White "Toth, Kazmer"]
[Black "Jurcsak, Andras"]
[Result "1/2-1/2"]
[WhiteElo "2037"]
[BlackElo "2204"]
[PlyCount "56"]
[EventDate "2006.07.21"]
[EventType "swiss"]
[EventRounds "9"]
[EventCountry "YUG"]
[SourceTitle "CBM 113 Extra"]
[Source "ChessBase"]
[SourceDate "2006.09.14"]
[SourceVersion "1"]
[SourceVersionDate "2006.09.14"]
[SourceQuality "1"]

1. c4 Nf6 2. Nc3 g6 3. g3 Bg7 4. Bg2 0-0 5. Nf3 d6 6. 0-0 e5 7. e4 c6 8. d3 a6 9. h3 b5 10. b3 b4 11. Ne2 a5 12. Be3 h6 13. Qd2 Kh7 14. g4 Ng8 15. Nh2 c5 16. a3 Ra6 17. axb4 axb4 18. Rxa6 Nxa6 19. Ra1 Bb7 20. Qa2 Qb6 21. Qa5 Qxa5 22. Rxa5 Ra8 23. f4 f6 24. f5 g5 25. Ng3 Ne7 26. Bf3 Nc7 27. Rxa8 Bxa8 28. Nh5 Bc6 1/2-1/2

[Event "HUN-chT2 Maroczy 0506"]
[Site "Hungary"]
[Date "2006.04.23"]
[Round "11"]
[White "Jurcsak, Andras"]
[Black "Paal, Attila"]
[Result "0-1"]
[WhiteElo "2203"]
[BlackElo "2214"]
[PlyCount "140"]
[EventDate "2005.10.16"]
[EventType "team-tourn"]
[EventRounds "11"]
[EventCountry "HUN"]
[SourceTitle "EXT 2009"]
[Source "ChessBase"]
[SourceDate "2008.11.26"]
[SourceVersion "1"]
[SourceVersionDate "2008.11.26"]
[SourceQuality "1"]
[WhiteTeam "Koszolg"]
[BlackTeam "Penzugyor"]
[WhiteTeamCountry "HUN"]
[BlackTeamCountry "HUN"]

1. Nf3 c5 2. c4 e6 3. Nc3 a6 4. g3 Nc6 5. Bg2 Nf6 6. 0-0 Be7 7. d4 cxd4 8. Nxd4 Qc7 9. h3 0-0 10. Be3 Ne5 11. b3 d5 12. f4 Ned7 13. Rc1 dxc4 14. Na4 Nd5 15. Rxc4 Nxe3 16. Rxc7 Nxd1 17. Rxd1 Rb8 18. Nb6 Nxb6 19. Rxe7 Bd7 20. Nf3 Bc6 21. Ne5 Bxg2 22. Kxg2 Nd5 23. Rxd5 exd5 24. Rd7 f6 25. Nd3 Rfd8 26. Rxd8+ Rxd8 27. Nc5 Re8 28. Kf2 Re7 29. e3 Kf7 30. b4 Rc7 31. Ke2 Ke7 32. Kd3 Kd6 33. Nb3 g6 34. a3 b6 35. Kd2 Rc4 36. Kd3 h6 37. Kd2 a5 38. bxa5 bxa5 39. Nxa5 Ra4 40. Nb7+ Kc6 41. Nd8+ Kd7 42. Nf7 Ke6 43. Nxh6 f5 44. g4 Rxa3 45. Ke2 d4 46. exd4 Rxh3 47. g5 Ra3 48. Ng8 Kd5 49. Ne7+ Kxd4 50. Nxg6 Ke4 51. Kf2 Ra6 52. Nf8 Kxf4 53. g6 Ra2+ 54. Kf1 Kf3 55. Kg1 Rg2+ 56. Kf1 Rg4 57. Nd7 Kf4 58. Nf8 Ke5 59. Kf2 Kd6 60. Kf3 Ke7 61. Nh7 Rxg6 62. Kf4 Rg7 63. Ng5 Kf6 64. Nf3 Rg4+ 65. Ke3 Re4+ 66. Kf2 Ra4 67. Kg3 Ke6 68. Kf2 Kd5 69. Ke3 f4+ 70. Kf2 Ra2+ 0-1